<?xml version="1.0" encoding="UTF-8"?>
<record
    xmlns:xsi="http://www.w3.org/2001/XMLSchema-instance"
    xsi:schemaLocation="http://www.loc.gov/MARC21/slim http://www.loc.gov/standards/marcxml/schema/MARC21slim.xsd"
    xmlns="http://www.loc.gov/MARC21/slim">

  <leader>01249    a2200193   4500</leader>
  <controlfield tag="003">Nust</controlfield>
  <controlfield tag="005">20221011124130.0</controlfield>
  <datafield tag="010" ind1=" " ind2=" ">
    <subfield code="a">   85060981</subfield>
  </datafield>
  <datafield tag="020" ind1=" " ind2=" ">
    <subfield code="a">0669045292</subfield>
  </datafield>
  <datafield tag="040" ind1=" " ind2=" ">
    <subfield code="c">Nust</subfield>
  </datafield>
  <datafield tag="082" ind1="0" ind2="0">
    <subfield code="a">540,ZUM</subfield>
  </datafield>
  <datafield tag="100" ind1="1" ind2=" ">
    <subfield code="a">Zumdahl, Steven S.</subfield>
    <subfield code="9">436</subfield>
  </datafield>
  <datafield tag="245" ind1="1" ind2="0">
    <subfield code="a">Chemistry /</subfield>
    <subfield code="c">Steven S. Zumdahl.</subfield>
  </datafield>
  <datafield tag="260" ind1=" " ind2=" ">
    <subfield code="a">Lexington, Mass. :</subfield>
    <subfield code="b">D.C. Heath,</subfield>
    <subfield code="c">c1986.</subfield>
  </datafield>
  <datafield tag="300" ind1=" " ind2=" ">
    <subfield code="a">xix, 1023, 60, 16 p. :</subfield>
    <subfield code="b">ill. (some col.) ;</subfield>
    <subfield code="c">27 cm.</subfield>
  </datafield>
  <datafield tag="505" ind1=" " ind2=" ">
    <subfield code="a">Chemical Foundations (Page-1), Atoms, Molecules and Ions (Page-31), Stoichiometry (Page-61), Solution Stoichiometry and Chemical Analysis (Page-101), Gases (Page-155), Thermochemistry (Page-197),  Atomic Structure and Periodicity (Page-237), Bonding General Concepts (Page-295), Covalent Bonding Orbitals (Page-349), Liquids and Solids (Page-383), Properties of Solutions (Page-435), Chemical Kinetics (Page-471), Chemical Equilibrium (Page-521), Acids and Bases (Page-559), Applications of Aqueous Equilibria (Page-618), Spontaneity Entropy and free Energy (Page-677), The Representative Elements (Page-759), Representative Elements: Groups 5A Through 8A (Page-783),The Nuclear A Chemist&#x2019;s View (Page-869), Biochemistry (Page-941), Industrial chemistry (Page-975).</subfield>
  </datafield>
  <datafield tag="650" ind1=" " ind2="0">
    <subfield code="a">Chemistry.</subfield>
  </datafield>
  <datafield tag="942" ind1=" " ind2=" ">
    <subfield code="2">ddc</subfield>
    <subfield code="c">BK</subfield>
  </datafield>
  <datafield tag="999" ind1=" " ind2=" ">
    <subfield code="c">183392</subfield>
    <subfield code="d">183392</subfield>
  </datafield>
  <datafield tag="952" ind1=" " ind2=" ">
    <subfield code="0">0</subfield>
    <subfield code="1">0</subfield>
    <subfield code="2">ddc</subfield>
    <subfield code="4">0</subfield>
    <subfield code="7">0</subfield>
    <subfield code="a">MCS</subfield>
    <subfield code="b">MCS</subfield>
    <subfield code="c">GEN</subfield>
    <subfield code="d">2016-12-12</subfield>
    <subfield code="l">1</subfield>
    <subfield code="o">540,ZUM</subfield>
    <subfield code="p">MCS6405</subfield>
    <subfield code="r">2025-08-12</subfield>
    <subfield code="s">2024-12-24</subfield>
    <subfield code="w">2016-12-12</subfield>
    <subfield code="y">BK</subfield>
    <subfield code="z">Almirah No.25, Shelf No.2</subfield>
  </datafield>
</record>
